000 00262nam a2200109Ia 4500
008 190914s9999||||xx |||||||||||||| ||und||
100 _aKhawja Amjad Saeed
245 0 _aEconomy Of Pakistan
260 _aNew York
_bViva Books
_c2012
300 _a467
942 _cBK
999 _c8883
_d8883